Music Quiz

Random Music or Missing Word Quiz

The Last Word: Album Tracks II Quiz Stats

 Plays Quiz Updated Sep 12, 2019

Score 0/36 Timer 05:00
4 Plays Today
Hint Answer % Correct
Abbey RoadSun
92.9%
Dark Side of the MoonThem
87.3%
Sticky FingersSugar
85.2%
Jagged Little PillKnow
84.5%
Born To RunRoad
84.2%
25Bridge
83.9%
25Young
82.7%
Jagged Little PillWant
82%
GracelandAl
80.2%
Blood on the TracksFate
80.1%
Jagged Little PillPocket
78.7%
Abbey RoadGarden
77.1%
Hunky DoryMars
75.2%
Born To RunOne
73.4%
The DoorsComes
70.6%
Abbey RoadHammer
69%
25Ago
68.5%
Sticky FingersHorses
67.9%
Hint Answer % Correct
Blood on the TracksStorm
67.7%
Blood on the TracksBlue
66.8%
Physical GraffitiHoly
66.4%
Physical GraffitiFoot
64.5%
GracelandSkies
53.5%
Dark Side of the MoonLIke
51.9%
The DoorsEnd
46.7%
Sign o' the TimesLook
46.2%
The DoorsFox
45.1%
Physical GraffitiWoman
44.1%
GracelandBubble
42.4%
Dark Side of the MoonRun
38.3%
Born To RunRiver
33.9%
Hunky DoryWarhol
32.8%
Hunky DoryDylan
31.8%
Sign o' the TimesGirlfriend
18.8%
Sticky FingersMorphine
18.1%
Sign o' the TimesCoffee
9%

You're not logged in!

Compare scores with friends on all Sporcle quizzes.
OR
Log In

Sporcle TV

Today on Sporcle TV


Watch our educational content, quiz creation guides, and fun videos on Sporcle TV.

Show Comments

Extras

Top Quizzes Today


Score Distribution

Your Account Isn't Verified!

In order to create a playlist on Sporcle, you need to verify the email address you used during registration. Go to your Sporcle Settings to finish the process.

Report this User

Report this user for behavior that violates our Community Guidelines.

Details: